000
00397nam a2200133Ia 4500
008
100328s9999 xx 000 0 und d
082
_b
57671
100
_a
इंगळे व.न.
245
_a
दरिद्री नारायण
260
_b
साकेत
630
_a
दरिद्री नारायण
730
_a
दरिद्री नारायण
942
_c
BOOK
999
_c
544102
_d
544099